01867nam a2200337 a 450000100100000000500170001000800410002704000250006808200210009310000290011424500580014326000360020130000210023759000270025850000680028550000320035350000680038550400320045359000670048559000270055265000670057965000670064665100680071391000370078195201340081895201580095295201340111095201190124495201490136399900170151200001517320200929163956.0100202s2001 dr 001 0 spa d aDO-SdBNPbspacBNPHU a320.97293bA162L1 aAbréu, Radamés9277110aLuchas por el poder (1924-2000) /cRadamés Abréu. aSanto Domingo :bTaller,c2001. a289 p. ;c21 cm. aInventariado, 2018/ YL aIncluye datos biograficos del autor en la solapa de la cubierta aIncluye índice de nombres aIncluye referencias bibliográficas y notas al pie de la parte aBibliografía : p. 291-295 aLa biblioteca posee 2 ejemplares autográficados por el autor aInventariado, 2018/ YL 4aPartidos políticoszRepública Dominicanay1924-2000934360 4aLiderazgo políticozRepública Dominicanay1924-2000934361 4aRepública DominicanaxPolítica Y Gobiernoy1924-2000934362 aValidado. Control de calidad MFF 001054708DSaGRbGRcHDd2011-02-08iLF1l0o320.97293 A162Lp15173-30r2020-06-25te. 3w2020-06-25yLFDSZPréstamo en sala 001054708DSaGRbGRcHDd2011-02-08iLF1l0o320.97293 A162Lp15173-40r2020-06-25te. 4w2020-06-25yLFDSzDedicado por el autor.ZPréstamo en sala 001054708DSaGRbGRcHDd2011-02-08iLF1l0o320.97293 A162Lp15173-50r2020-06-25te. 5w2020-06-25yLFDSZPréstamo en sala 0010718PDaPDbPDcHDd2010-02-02iLF1l0o320.97293 A162Lp15173-10r2020-06-25w2020-06-25yLFPDZNo se presta 0010718PDaPDbPDcHDd2010-02-02iLF1l0o320.97293 A162Lp15173-20r2020-06-25te. 2w2020-06-25yLFPDzDedicado por el autor.ZNo se presta c14744d14744